000 01165nmc a2200385 a 4500
003 AR-BaBNM
005 20251128204750.0
008 185119s1995 ||||||||||||||000 | spa||
020 _a950-9086-26-6
040 _cAR-BaBNM
100 1 _aGermani, Gino
245 1 0 _aEstructura social de la Argentina
_banálisis estadístico
250 _a1ª ed.
260 _aBuenos Aires
_bEdiciones Solarm
_c1995
300 0 _a273 p.
_bcuadros, tablas
490 0 _aBiblioteca dimensión argentina
500 0 _aContiene índice de cuadros en p. 269-273
500 0 _aIndice de gráficos en p. 275-276
500 1 _aEstudio preliminar de Graciarena, Jorge en p. 7-17
650 4 _aANALISIS ESTADISTICO
650 4 _aESTRUCTURA SOCIAL
650 4 _aPROBLEMAS SOCIALES
650 4 _aCULTURAS NACIONALES
650 4 _aNACIONALISMO CULTURAL
650 4 _aCOSTUMBRES
650 4 _aDISTRIBUCION DE LA POBLACION
650 4 _aMIGRACION INTERNA
650 4 _aMIGRACION DE PERSONAS
650 4 _aESTRATIFICACION SOCIAL
650 4 _aESTRUCTURA SOCIAL
651 4 _aArgentina
800 1 _aWeinberg, Gregorio
_edirector
942 _cBK
998 _cGLORIA
999 _c8736
_d8736